Senegal 2026 World Cup Squad - Statistics

General Stats
  • This quiz has been taken 5 times
  • The average score is 16 of 29
Answer Stats
Hint Answer % Correct
DF Antoine Mendy
100%
MF Bara Ndiaye
100%
FW Cherif Ndiaye
100%
GK Edouard Mendy
100%
FW Iliman Ndiaye
100%
FW Sadio Mane
100%
MF Idrissa Gana Gueye
80%
FW Ismaila Sarr
80%
DF Kalidou Koulibaly
80%
DF Mamadou Sarr
80%
FW Nicolas Jackson
80%
MF Papa Gueye
80%
MF Pape Matar Sarr
80%
MF Habib Diarra
60%
DF Malick Diouf
60%
MF Pathe Ciss
60%
GK Yehvann Diouf
60%
DF Ilay Camara
40%
DF Krepin Diatta
40%
MF Lamine Camara
40%
DF Abdoulaye Seck
20%
FW Ibrahim Mbaye
20%
DF Moussa Niakhate
20%
FW Assane Diao
0%
FW Bamba Dieng
0%
Bouna Thiaw
0%
DF İsmail Jakobs
0%
GK Mory Diaw
0%
DF Moustapha Mbow
0%
No matching quizzes found
Score Distribution
Percent of People with Each Score
Percentile by Number Answered
Your Score History
You have not taken this quiz